000 00850nam a2200241Ia 4500
003 OSt
005 20220926022208.0
006 a|||||r|||| 00| 0
007 ta
008 220923b |||||||| |||| 00| 0 eng d
037 _cGeneral Book
040 _aRTL
_cRTL
_beng
041 _2eng
_aeng
082 _aX:9.58a.N81s, M1.36/UN
110 _aUNITED NATIONS, INTERNATIONAL ECONOMIC AND SOCIAL AFFAIRS (Departments of--)
_9326102
245 0 _aBibliography of industrial and distributve trade statistics.
260 _aNew York
_bUnited Nations
_c1981
300 _avi,149p.
_ccm.
500 _aStatistics papers series M, no. 36/Rev. 5
700 _aUNITED NATIONS, INTERNATIONAL ECONOMIC AND SOCIAL AFFAIRS (Departments of--)
_9326103
942 _hX:9.58a.N81s, M1.36/UN
_cGB
_2CC
999 _c638810
_d638810